000 01836nam a2200421 c 4500
003 BLK
005 20230608014049.0
008 180408b bul|||||r ||||||| ||bul||
010 _aKNG00090005000
020 _a978-954-365-023-1
_bиздат.: Еднорог
040 _aBLK
041 _aBUL
_cBUL
080 _aИстория на Англия и Великобритания
_b94(410)
_x(02.062)
_z94(410)(02.062)
080 _aПсихология на расата. Народопсихология
_b159.922.4
_x(=20)(02.062)
_z159.922.4(=20)(02.062)
100 1 _aПаксман, Джеръми
_eпърви автор
_9105678
700 _aДжанабетска, Боряна Ангелова, 1957-
_9364686
139 _aПаксман, Джеръми
_bП 14
245 1 0 _aАнгличаните
_bПортрет на един народ
_cДжеръми Паксман; прев. от англ. Боряна Ангелова Джанабетска.
250 _a2. изд.
257 _aGBR
260 София
_bЕднорог
_c2007
300 _a397 с.
_c21 см
380 _a9
500 _aОриг. загл. The English / Jeremy Paxman. - 1. изд. 2000 със загл. Англичаните - портрет на един народ.
650 4 _aАнгличани - народопсихология
_9147156
650 4 _aВеликобритания - история
_9253813
651 4 _aВеликобритания
_9178698
653 _aангличани
653 _aнародопсихология
653 _aАнглия
653 _aистория
852 _aЦб 244365
856 4 _qpdf
_u
856 4 _qpdf
_u
942 _cKNG
_n0
944 _aCR
_c17.06.2009
_kМилена_Ачева
944 _aED
_c12.02.2016
_kЛюдмила_Стоянова
999 _c85405
_d85405